LEADER 01123cam0-2200349---450- 001 990009830290403321 005 20150212130635.0 010 $a978-88-6611-177-1 035 $a000983029 035 $aFED01000983029 035 $a(Aleph)000983029FED01 035 $a000983029 100 $a20140228d2012----km-y0itay50------ba 101 0 $aita 102 $aIT 105 $ay-------001yy 200 1 $aCrisi d'impresa e attivitą bancaria$eanalisi del rapporto tra diritto fallimentare e disciplina speciale delle banche$fGiuseppe Boccuzzi 210 $aBari$cCacucci$d©2012 215 $a183 p.$d25 cm 225 1 $aStrumenti e modelli di diritto dell'economia$v20 610 0 $aAziende$aDissesto economico$aIntervento [delle] Banche$aItalia$aLegislazione 676 $a346.45078$v22$zita 700 1$aBoccuzzi,$bGiuseppe$0117527 801 0$aIT$bUNINA$gREICAT$2UNIMARC 901 $aBK 912 $a990009830290403321 952 $a21 CB 780$bs.i.$fDDCP 952 $aVI A 1609$b49889$fFSPBC 959 $aDDCP 959 $aFSPBC 996 $aCrisi d'impresa e attivitą bancaria$9835872 997 $aUNINA LEADER 03021oam 2200721Ia 450 001 9910780989803321 005 20190503073352.0 010 $a0-262-29160-6 010 $a1-282-54193-5 010 $a9786612541933 010 $a0-262-27799-9 024 8 $a9786612541933 024 3 $a9780262277990 035 $a(CKB)2520000000006511 035 $a(SSID)ssj0000334665 035 $a(PQKBManifestationID)11284376 035 $a(PQKBTitleCode)TC0000334665 035 $a(PQKBWorkID)10259897 035 $a(PQKB)10132557 035 $a(StDuBDS)EDZ0000131079 035 $a(MiAaPQ)EBC3339106 035 $a(OCoLC)593295755$z(OCoLC)647087257$z(OCoLC)647873270$z(OCoLC)764531822$z(OCoLC)768692681$z(OCoLC)771145465$z(OCoLC)961488884$z(OCoLC)961896603$z(OCoLC)962622766$z(OCoLC)988454444$z(OCoLC)990682203$z(OCoLC)991948794$z(OCoLC)1037925303$z(OCoLC)1038645741$z(OCoLC)1045538369$z(OCoLC)1055353580$z(OCoLC)1064089634$z(OCoLC)1081209129 035 $a(OCoLC-P)593295755 035 $a(MaCbMITP)7980 035 $a(Au-PeEL)EBL3339106 035 $a(CaPaEBR)ebr10364165 035 $a(CaONFJC)MIL254193 035 $a(OCoLC)593295755 035 $a(EXLCZ)992520000000006511 100 $a20100402d2010 uy 0 101 0 $aeng 135 $aur||||||||||| 181 $ctxt 182 $cc 183 $acr 200 14$aThe anatomy of bias $ehow neural circuits weigh the options /$fJan Lauwereyns 210 $aCambridge, Mass. $cMIT Press$d©2010 210 4$d©2010 215 $a1 online resource (xviii, 262 p.) $cill 300 $aBibliographic Level Mode of Issuance: Monograph 311 $a0-262-51659-4 311 $a0-262-12310-X 320 $aIncludes bibliographical references and index. 327 $aPrelude: a double inheritance, a single question -- Bayes and bias -- Wish come true -- Fear materialized -- The familiarity fallacy -- The proximity trap -- Less is more -- Utopia--a world without bias -- Coda: the pleasure of prediction error. 330 8 $aIn this engaging, even lyrical, book, Jan Lauwereyns examines the neural underpinnings of decision-making, using 'bias' as his core concept rather than the more common but noncommittal terms 'selection' and 'attention'. 606 $aNeural circuitry$xMathematical models 606 $aDecision making$xPhysiological aspects 606 $aBayesian statistical decision theory 606 $aNeural networks (Neurobiology)$xMathematical models 610 $aNEUROSCIENCE/General 610 $aCOGNITIVE SCIENCES/General 615 0$aNeural circuitry$xMathematical models. 615 0$aDecision making$xPhysiological aspects. 615 0$aBayesian statistical decision theory. 615 0$aNeural networks (Neurobiology)$xMathematical models. 676 $a153.8/3 700 $aLauwereyns$b Jan$f1969-$0766135 801 0$bOCoLC-P 801 1$bOCoLC-P 906 $aBOOK 912 $a9910780989803321 996 $aThe anatomy of bias$93737703 997 $aUNINA